000 01641nam a2200481 i 4500
001 42539
003 KOSZ 005
005 20191021075140.0
008 001009s2000 pl a f |000 0 pol
015 _aPB 2001/1985
020 _a8390758296
035 _a(PL-WaBN)b13994116-48omnis_nlop
035 _ab13994116
035 _a(OCoLC)750561012
035 _a(PL)b0000001399411
040 _aWA N
_cWA N
_dKOSZ 005/HR
041 0 _apol
046 _k2000
080 _a69:728
080 _a699.8
100 1 _aBonca, Zenon
_d(1951- )
_eAutor
245 1 0 _aTermorenowacja budynków mieszkalnych :
_baspekt techniczny i ekonomiczny /
_cZenon Bonca, Andrzej Lewiński.
260 _aGdańsk :
_bIPPU [Inżynierskie Przedsiębiorstwo Produkcyjno-Usługowe] "Masta",
_c2000.
300 _a154 s. :
_bil., mapy ;
_c25 cm.
336 _2rdacontent
_aTekst
_btxt
337 _2rdamedia
_aBez urządzenia pośredniczącego
_bn
338 _2rdacarrier
_aWolumin
_bnc
380 _aKsiążki
380 _aPublikacje fachowe
388 _a1901-2000
388 _a1989-2000
490 1 _aMonografie TCHK ;
_v1
500 _aNa s. tyt. i okł. skrócona nazwa serii: M TCHK. - Prawidłowa nazwa serii w nagł.
504 _aBibliogr.
650 7 _aOcieplenie budynku
_2DBN
650 7 _aBudownictwo mieszkaniowe
_2DBN
658 _aArchitektura i budownictwo
700 1 _aLewiński, Andrzej
_eAutor
830 0 _aMonografie TCHK ;
_v1
856 _uhttp://koha.tu.koszalin.pl/cgi-bin/koha/opac-detail.pl?biblionumber=42539
_yKatalog online BPK
942 _2UKD
_cKS
999 _c42539
_d42539